| 000 | 00430nam a2200157 a 4500 | ||
|---|---|---|---|
| 005 | 20140310183322.0 | ||
| 008 | 060302s19uu xx 00 eng d | ||
| 020 | _a0345439066 | ||
| 050 |
_aPZ 4 _b.P317 2000 |
||
| 100 | _aPatterson, Richard North | ||
| 245 |
_aDark lady / _cRichard North Patterson. |
||
| 260 |
_aNew York : _bBallantine Pub. Group, _c2000. |
||
| 300 |
_a427 p. : _c17 cm. |
||
| 942 |
_cBK _2lcc |
||
| 999 |
_c21433 _d21433 |
||